[Event "Gausdal Classics - GM B"]
[Site "Gausdal"]
[Date "2007.04.22"]
[Round "5"]
[White "Carlsen, Henrik"]
[Black "Reppen, Sigmund"]
[Result "1/2-1/2"]
[WhiteElo "2095"]
[BlackElo "2093"]
[PlyCount "43"]
[EventDate "2007.04.18"]
[EventType "swiss"]
[EventRounds "9"]
[EventCountry "NOR"]

1. e4 e5 2. Nf3 Nc6 3. Bb5 a6 4. Ba4 Nf6 5. O-O Be7 6. Re1 b5 7. Bb3 d6 8. c3
O-O 9. h3 Na5 10. Bc2 c5 11. d4 Qc7 12. d5 Bd7 13. b3 Nb7 14. Bg5 c4 15. b4 a5
16. Nbd2 Ra6 17. a4 Rfa8 18. axb5 Bxb5 19. Nf1 axb4 20. Rxa6 Rxa6 21. cxb4 Ne8
22. Bxe7 1/2-1/2